Start and run a profitable restaurant : turn your dream of owning a restaurant into a reality, discover how location, decor and menus affect your success, avoid costly mistakes (Record no. 208134)

MARC details
000 -LEADER
fixed length control field 00549nam a2200157Ia 4500
008 - FIXED-LENGTH DATA ELEMENTS--GENERAL INFORMATION
fixed length control field 231221s9999 xx 000 0 und d
020 ## - INTERNATIONAL STANDARD BOOK NUMBER
International Standard Book Number 81-7224-963-2
041 ## - LANGUAGE CODE
Language code of text/sound track or separate title English
082 ## - DEWEY DECIMAL CLASSIFICATION NUMBER
Classification number 647.95 COO;1 R
100 ## - MAIN ENTRY--PERSONAL NAME
Personal name Cooper, Brian Floody, Brian McNeill, Gina
245 #0 - TITLE STATEMENT
Title Start and run a profitable restaurant : turn your dream of owning a restaurant into a reality, discover how location, decor and menus affect your success, avoid costly mistakes
260 ## - PUBLICATION, DISTRIBUTION, ETC.
Date of publication, distribution, etc. 2002
Name of publisher, distributor, etc. Jaico
Place of publication, distribution, etc. Mumbai
300 ## - PHYSICAL DESCRIPTION
Extent xv+214
500 ## - GENERAL NOTE
General note E.-509
942 ## - ADDED ENTRY ELEMENTS (KOHA)
Koha item type Hotel Management Library
Holdings
Date last seen Total checkouts Full call number Accession number Cost, total (INR) price Price effective from Category Lost status Damaged status Department Withdrawn status Home library Current library Shelving location Entry date Vendor Cost, normal purchase price Grants Billnumber Billdate Currency symbol Conversion rate Discount Old discount
26/01/2024   647.95 COO;1 R HM831 156.00 26/01/2024 Hotel Management Library     HEM   Central Library Central Library HM   Mega Books 195.00 HM 4370 23/06/2010 RS 1 39 20

© For any Suggestions or Query, please contact the library staff @ librarian@pes.edu or Phone: +9180 2672 1983/ 2108.